00310nam a22001097a 4500008004100000020001500041082001600056100002300072245005000095260004700145300000800192230606b xxu||||| |||| 00| 0 eng d a9966846697 a616.99bOTH cN.A Othieno-Abinya aBreast CancerbWhat do you know about Cancer? aNairobibUniversity of Nairobi Pressc2006 a41p